[Event "I Miedzynarodowy Memorial Ireny Warakomskiej - Open B"]
[Site "Suwalki"]
[Date "2017-08-14"]
[Round "5.26"]
[White "Norek, Bartosz "]
[Black "Litner, Igor "]
[Result "0-1"]
[WhiteTitle ""]
[BlackTitle ""]
[WhiteElo "1799"]
[BlackElo "1991"]

1. e4 d6 2. d4 Nf6 3. Nc3 Nbd7 4. Be3 e5 5. d5 c6 6. Be2 cxd5 7. exd5 Be7 8. f3
O-O 9. Nh3 a6 10. Nf2 b5 11. g4 b4 12. Nce4 Bb7 13. c4 bxc3 14. Nxc3 Nb6 15. Bxb6
Qxb6 16. Qd2 Qa5 17. Rd1 Bd8 18. Kf1 Bb6 19. g5 Nh5 20. Nfe4 Rad8 21. b3 Nf4 22.
Bc4 Bc8 23. h4 Bh3+ 24. Rxh3 Nxh3 25. Qg2 Nf4 26. Qg4 Bd4 27. Ne2 Nxe2 28. Kxe2
Qxa2+ 29. Rd2 Qb1 30. Bd3 Qg1 31. Qh5 h6 32. gxh6 g6 33. Qg5 Qxg5 34. hxg5 Rb8
35. Nf6+ Kh8 36. Nd7 Rfd8 37. Nxb8 Rxb8 38. Rc2 Bc5 39. Bxa6 Rxb3 40. Bd3 Rb8
41. Rc1 Kh7 42. Rb1 Rxb1 43. Bxb1 Ba3 44. Kd1 Bb4 45. Be4 Ba5 46. Ke2 Bd8 47.
Kf2 Bxg5 48. Kg3 Kxh6 49. Bd3 f5 50. Bc2 Bd2 51. Bd3 Kg5 52. Bc2 Be1+ 53. Kg2
Kf4 54. Bd3 Ke3 55. Bb1 Kf4 56. Bc2 g5 57. Bb1 g4 58. fxg4 Kxg4 59. Kf1 Ba5 60.
Ke2 e4 61. Bc2 Kf4 62. Bb3 Ke5 63. Bc4 f4 64. Bb3 f3+ 65. Kf2 Kf4 0-1

[Event "I Miedzynarodowy Memorial Ireny Warakomskiej - Open B"]
[Site "Suwalki"]
[Date "2017-08-14"]
[Round "5.27"]
[White "Koloczek, Maciej "]
[Black "Semczuk, Jerzy "]
[Result "1-0"]
[WhiteTitle ""]
[BlackTitle ""]
[WhiteElo "1764"]
[BlackElo "1989"]

1. Nf3 Nf6 2. g3 d5 3. Bg2 e6 4. O-O Be7 5. d3 O-O 6. Nbd2 c5 7. e4 Nc6 8. Re1
dxe4 9. dxe4 e5 10. Nc4 Qxd1 11. Rxd1 Bg4 12. c3 Rfd8 13. Bg5 h6 14. Bxf6 Bxf6
15. Ne3 Be6 16. Bf1 Rxd1 17. Nxd1 Rd8 18. Ne3 a6 19. Bc4 Bxc4 20. Nxc4 g6 21.
Ne3 Bg7 22. Kf1 f6 23. Ke2 Kf7 24. Nh4 Ne7 25. f4 exf4 26. gxf4 b5 27. a4 Rd7
28. axb5 axb5 29. Ra5 Rb7 30. Nf3 Nc6 31. Ra6 Nb8 32. Rd6 b4 33. c4 Bf8 34. Rd8
Nc6 35. Ra8 Rd7 36. Nd5 Bd6 37. Ra6 Nb8 38. Rb6 Rd8 39. e5 fxe5 40. fxe5 Be7 41.
e6+ Ke8 42. Ne5 Bd6 43. Nxg6 1-0

[Event "I Miedzynarodowy Memorial Ireny Warakomskiej - Open B"]
[Site "Suwalki"]
[Date "2017-08-14"]
[Round "5.28"]
[White "Budnik, Mateusz"]
[Black "Rudzinska, Michalina "]
[Result "1-0"]
[WhiteTitle ""]
[BlackTitle ""]
[WhiteElo "1987"]
[BlackElo "1870"]

1. e4 c5 2. Nf3 e6 3. d4 cxd4 4. Nxd4 a6 5. g3 Qc7 6. Bg2 Nf6 7. O-O Nc6 8. Nc3
Nxd4 9. Qxd4 Bc5 10. Qd3 d6 11. Bf4 Nh5 12. Be3 O-O 13. Rad1 Bxe3 14. Qxe3 g6
15. Qd4 Rd8 16. e5 d5 17. Ne4 Bd7 18. Nd6 b5 19. b3 Rab8 20. Rc1 Qa5 21. a3 Ng7
22. Qf4 Rf8 23. Rfd1 Ne8 24. Nxe8 Rfxe8 25. h4 h5 26. g4 hxg4 27. Qxg4 Kg7 28.
h5 Rh8 29. hxg6 fxg6 30. Bxd5 Qd8 31. Be4 g5 32. Rd3 Rh4 33. Rxd7+ Qxd7 34. Qxg5+
Kf7 35. Qf6+ Kg8 36. Qxh4 Qd2 37. Qg4+ Kh8 38. Qh5+ Kg7 39. Rd1 1-0

[Event "I Miedzynarodowy Memorial Ireny Warakomskiej - Open B"]
[Site "Suwalki"]
[Date "2017-08-14"]
[Round "5.29"]
[White "Pytel, Maciej"]
[Black "Wolanski, Michal "]
[Result "1-0"]
[WhiteTitle ""]
[BlackTitle ""]
[WhiteElo "1967"]
[BlackElo "1920"]

1. e4 c5 2. Nc3 Nc6 3. g3 g6 4. Bg2 Bg7 5. d3 Rb8 6. Be3 d6 7. Qd2 e6 8. Nge2 Nge7
9. Bh6 O-O 10. h4 Bxh6 11. Qxh6 Kh8 12. h5 Ng8 13. Qe3 Qf6 14. f4 Bd7 15. g4 b5
16. g5 Qe7 17. Kf2 b4 18. Nb1 e5 19. Nd2 Nd4 20. Nxd4 cxd4 21. Qf3 Rbc8 22. Nc4
Rc5 23. Bh3 f5 24. exf5 Bxf5 25. Bxf5 Rxf5 26. hxg6 h6 27. Rh4 Rxf4 28. Rxf4 exf4
29. Qxf4 Qxg5 30. Qxd4+ Qf6+ 31. Qxf6+ Nxf6 32. Ke3 Kg7 33. Rg1 h5 34. c3 bxc3
35. bxc3 Ng4+ 36. Kd4 Kxg6 37. Nxd6 Ra5 38. c4 Rxa2 39. c5 Kf6 40. Re1 Ra4+ 41.
Kd5 Ra5 42. d4 h4 43. Ne8+ Kf7 44. Kd6 h3 45. c6 Ra4 46. d5 h2 47. c7 Rc4 48.
Kd7 Ne5+ 49. Kd8 Nc6+ 50. dxc6 Rd4+ 51. Kc8 h1=Q 52. Rxh1 Kxe8 53. Re1+ 1-0

[Event "I Miedzynarodowy Memorial Ireny Warakomskiej - Open B"]
[Site "Suwalki"]
[Date "2017-08-14"]
[Round "5.30"]
[White "Tomicki, Marek "]
[Black "Golecki, Jan "]
[Result "0-1"]
[WhiteTitle ""]
[BlackTitle ""]
[WhiteElo "1649"]
[BlackElo "1957"]

1. e4 c5 2. c3 d5 3. exd5 Qxd5 4. Nf3 e5 5. d3 Nc6 6. Be2 Bf5 7. c4 Qd7 8. Nc3
Nf6 9. Bg5 Be7 10. Nh4 Be6 11. Nf3 h6 12. Be3 O-O 13. Ne4 b6 14. h3 Rad8 15. a3
Bf5 16. Nfd2 Nxe4 17. dxe4 Be6 18. O-O Bg5 19. Bxg5 hxg5 20. Nf3 Qb7 21. Qc1 f6
22. Rd1 Rxd1+ 23. Qxd1 Rd8 24. Qc2 Nd4 25. Nxd4 Rxd4 26. f3 Qd7 27. Kf1 Rd2 28.
Qb3 Qd4 29. Rd1 Rxd1+ 30. Qxd1 Qxd1+ 31. Bxd1 Bxc4+ 32. Kf2 Kf7 33. Ke3 Ke7 34.
g3 Bf1 35. h4 gxh4 36. gxh4 Kd6 37. f4 exf4+ 38. Kxf4 g5+ 39. hxg5 fxg5+ 40. Kf5
Bh3+ 41. Kf6 g4 42. e5+ Kd5 43. e6 g3 44. e7 Bd7 45. Kf7 Kd4 46. Bf3 Ke3 47. Bb7
c4 48. e8=Q+ Bxe8+ 49. Kxe8 Kd2 0-1

[Event "I Miedzynarodowy Memorial Ireny Warakomskiej - Open B"]
[Site "Suwalki"]
[Date "2017-08-14"]
[Round "5.31"]
[White "Belczewski, Jacek"]
[Black "Czarniecka, Aleksandra "]
[Result "1-0"]
[WhiteTitle ""]
[BlackTitle ""]
[WhiteElo "1949"]
[BlackElo "1875"]

1. d4 Nf6 2. c4 g6 3. Nc3 Bg7 4. e4 d6 5. f3 O-O 6. Be3 Nc6 7. Nge2 a6 8. d5 Ne5
9. Ng3 c6 10. Be2 b5 11. cxb5 cxb5 12. O-O b4 13. Na4 Rb8 14. b3 Bd7 15. Nb2 Ne8
16. Bd4 Bb5 17. f4 Nd7 18. Bxb5 Rxb5 19. Nc4 Nef6 20. Qf3 Nc5 21. Rad1 Qd7 22.
Bb2 Qg4 23. Qe3 Rd8 24. e5 dxe5 25. Nxe5 Qh4 26. f5 Ncd7 27. Nf3 Qh6 28. Qe2 Rxd5
29. Bc1 Qxc1 30. Rxc1 Nc5 31. fxg6 hxg6 32. Qxe7 Ne6 33. Qb7 a5 34. Rc8 Bf8 35.
Rxd8 Rxd8 36. Ne5 Bc5+ 37. Kh1 1-0

[Event "I Miedzynarodowy Memorial Ireny Warakomskiej - Open B"]
[Site "Suwalki"]
[Date "2017-08-14"]
[Round "5.32"]
[White "Kukorowski, Jan"]
[Black "Szolc, Grzegorz"]
[Result "0-1"]
[WhiteTitle ""]
[BlackTitle ""]
[WhiteElo "1670"]
[BlackElo "1945"]

1. e4 c5 2. Nf3 e6 3. d4 cxd4 4. Nxd4 a6 5. Bd3 Nf6 6. O-O Qc7 7. Qe2 d6 8. c4
Nbd7 9. Nc3 b6 10. Kh1 Bb7 11. f4 Be7 12. Bd2 O-O 13. Rae1 Rfd8 14. Rf3 Rac8 15.
Rh3 Qb8 16. Nf3 Nf8 17. e5 N6d7 18. Ng5 Bxg5 19. fxg5 dxe5 20. Rf1 Ng6 21. Ne4
Bxe4 22. Bxe4 Ndf8 23. Qf3 Qc7 24. Bb4 Nf4 25. Rh4 N8g6 26. Bxg6 hxg6 27. b3 Rd3
28. Qe4 Rd4 29. Qf3 Rcd8 30. Be1 Rd3 31. Qe4 Rd1 32. g3 Nd3 33. Qg2 Nxe1 34. Qh3
Kf8 35. Qxe6 Qb7+ 0-1

[Event "I Miedzynarodowy Memorial Ireny Warakomskiej - Open B"]
[Site "Suwalki"]
[Date "2017-08-14"]
[Round "5.33"]
[White "Czaplewska, Klara"]
[Black "Beczala, Pawel "]
[Result "0-1"]
[WhiteTitle ""]
[BlackTitle ""]
[WhiteElo "1934"]
[BlackElo "1789"]

1. e4 g6 2. d4 d5 3. e5 Bg7 4. f4 Nh6 5. Nf3 c6 6. Be2 f6 7. O-O O-O 8. c4 Be6
9. b3 Nd7 10. Nc3 Nb6 11. c5 Nd7 12. a4 a5 13. Be3 Ng4 14. Qd2 b6 15. h3 Nxe3
16. Qxe3 Rc8 17. Bd3 bxc5 18. dxc5 Bh6 19. Rae1 Qc7 20. Qd4 f5 21. Rc1 Rb8 22.
Nd2 Rb4 23. Qf2 Rxf4 24. Qe2 Rxf1+ 25. Kxf1 Qxe5 26. Re1 Qxe2+ 27. Rxe2 Nxc5 28.
Bc2 Bxd2 29. Rxd2 Bc8 30. Kf2 e5 0-1

[Event "I Miedzynarodowy Memorial Ireny Warakomskiej - Open B"]
[Site "Suwalki"]
[Date "2017-08-14"]
[Round "5.34"]
[White "Hagner, Pawel"]
[Black "Amrogowicz, Dominika "]
[Result "0-1"]
[WhiteTitle ""]
[BlackTitle ""]
[WhiteElo "1709"]
[BlackElo "1926"]

1. d4 d5 2. Nf3 Nf6 3. Bg5 c6 4. c3 h6 5. Bh4 Bf5 6. e3 Qb6 7. Qb3 Nbd7 8. Nbd2
e6 9. Be2 Be7 10. O-O O-O 11. Ne5 Rfe8 12. Ndf3 Nxe5 13. dxe5 Ne4 14. Bxe7 Rxe7
15. Rfd1 Qc7 16. c4 Rae8 17. h3 Kh8 18. Rac1 Qb8 19. Qa3 Rd7 20. c5 Rg8 21. Qa4
f6 22. Qd4 Rf7 23. b4 Bh7 24. b5 Rgf8 25. exf6 gxf6 26. Rb1 Rg8 27. Bf1 Bf5 28.
bxc6 Bxh3 29. Rxb7 Rxb7 30. cxb7 Qxb7 31. Nd2 e5 32. Qa4 Bxg2 33. Bxg2 Qg7 0-1

[Event "I Miedzynarodowy Memorial Ireny Warakomskiej - Open B"]
[Site "Suwalki"]
[Date "2017-08-14"]
[Round "5.35"]
[White "Kupsik, Joanna "]
[Black "Ziemski, Przemyslaw"]
[Result "1-0"]
[WhiteTitle ""]
[BlackTitle ""]
[WhiteElo "1703"]
[BlackElo "1902"]

1. e4 e5 2. Nf3 Nc6 3. Bc4 Bc5 4. c3 Nf6 5. d3 O-O 6. Bg5 d6 7. O-O Be6 8. Bxe6
fxe6 9. d4 exd4 10. cxd4 Bb6 11. Nc3 Qe8 12. Rc1 Qg6 13. Re1 e5 14. Bxf6 gxf6
15. Nd5 Rae8 16. Nh4 Qg5 17. Nf5 Rf7 18. Re3 1-0

[Event "I Miedzynarodowy Memorial Ireny Warakomskiej - Open B"]
[Site "Suwalki"]
[Date "2017-08-14"]
[Round "5.36"]
[White "Kaniak, Justyna"]
[Black "Choinska, Debora "]
[Result "1-0"]
[WhiteTitle ""]
[BlackTitle ""]
[WhiteElo "1901"]
[BlackElo "1600"]

1. e4 d6 2. d4 Nf6 3. Nc3 Nbd7 4. Nf3 e5 5. Bc4 Be7 6. Bg5 O-O 7. Qe2 c6 8. O-O
b5 9. Bd3 a6 10. Nd1 Re8 11. c3 Qc7 12. a4 Bb7 13. Ne3 g6 14. Rfe1 Bf8 15. Qc2
Bg7 16. Rad1 Nf8 17. Bxf6 Bxf6 18. d5 cxd5 19. axb5 dxe4 20. Bxe4 Bxe4 21. Qxe4
axb5 22. Nd5 Qd8 23. Qb4 Re6 24. Qxb5 Bg7 25. b4 Nd7 26. Ra1 Rb8 27. Qd3 Nb6 28.
Ra6 Nxd5 29. Qxd5 h6 30. Nd2 Rb6 31. Ra7 Re7 32. Ra8 Rb8 33. Rea1 Re8 34. R1a7
Rf8 35. Rxb8 Qxb8 36. Ra6 Rd8 37. b5 Bf8 38. Nc4 Rd7 39. Ra8 Qb7 40. Qxb7 Rxb7
41. b6 d5 42. Nxe5 Rxb6 43. Rxf8+ Kg7 44. Rxf7+ Kg8 45. f4 g5 46. g3 Re6 47. Rd7
Kf8 48. Rxd5 Ke7 49. Kf2 Rb6 50. Ke3 Rb2 51. Rd2 Rxd2 52. Kxd2 Kd6 53. Nf7+ Ke6
54. Nxh6 gxf4 55. gxf4 1-0

[Event "I Miedzynarodowy Memorial Ireny Warakomskiej - Open B"]
[Site "Suwalki"]
[Date "2017-08-14"]
[Round "5.38"]
[White "Chin, Shun Yi"]
[Black "Bartoszewicz, Marcin "]
[Result "0-1"]
[WhiteTitle ""]
[BlackTitle ""]
[WhiteElo "1521"]
[BlackElo "1875"]

1. e4 e5 2. Nc3 Nf6 3. Bc4 Bc5 4. d3 d6 5. Nf3 Be6 6. Bg5 c6 7. O-O Nbd7 8. Na4
h6 9. Nxc5 Nxc5 10. Bxe6 Nxe6 11. Bc1 Qc7 12. b3 O-O-O 13. Bb2 g5 14. Re1 Nf4
15. d4 Rhe8 16. Nd2 g4 17. Nf1 h5 18. c4 Nh7 19. Ng3 Kb8 20. Qc2 f6 21. dxe5 dxe5
22. Rad1 Ng5 23. Nf5 Rxd1 24. Rxd1 Rd8 25. Rxd8+ Qxd8 26. Kf1 Nxe4 27. Qxe4 Qd1+
28. Qe1 Qd3+ 29. Kg1 Qxf5 30. Ba3 Qd3 31. Be7 Ne2+ 32. Kh1 f5 33. Bf6 Qe4 34.
Qd1 Nd4 35. Bg5 Kc7 36. Be3 h4 37. Qe1 h3 38. Qf1 f4 39. Bc1 b6 40. Kg1 hxg2 41.
Qxg2 Nf3+ 42. Kh1 Qe1+ 43. Qf1 Qxf1# 0-1

[Event "I Miedzynarodowy Memorial Ireny Warakomskiej - Open B"]
[Site "Suwalki"]
[Date "2017-08-14"]
[Round "5.39"]
[White "Milanowski, Jan"]
[Black "Wolagiewicz, Kinga "]
[Result "1/2-1/2"]
[WhiteTitle ""]
[BlackTitle ""]
[WhiteElo "1815"]
[BlackElo "1611"]

1. c4 c6 2. g3 d5 3. b3 dxc4 4. bxc4 Qd4 5. Nc3 Qxc4 6. Rb1 Nf6 7. e3 Qc5 8. Nge2
Nbd7 9. Bg2 Nb6 10. d4 Qd6 11. e4 e5 12. dxe5 Qxe5 13. Bf4 Qe7 14. O-O Qd7 15.
Qc1 Bc5 16. e5 Nh5 17. Ne4 Be7 18. Rd1 Qe6 19. Nd4 Qc4 20. Nd6+ Bxd6 21. exd6
Qxc1 22. Bxc1 O-O 23. Ba3 Rd8 24. Nb3 Nf6 25. Nc5 Nfd7 26. Rbc1 Nxc5 27. Bxc5
Be6 28. a3 Nd7 29. Be3 h6 30. Rb1 b6 31. Bxc6 Rac8 32. Bb7 Rc3 33. Bd4 Rxa3 34.
Ra1 Rxa1 35. Rxa1 Nc5 36. Bxc5 bxc5 37. Rxa7 Rxd6 38. Be4 g6 39. Rc7 Rd1+ 40.
Kg2 c4 41. h4 h5 42. Kf3 Kg7 43. Ke2 Rd4 44. Ke3 Rd6 45. Bc2 Kf6 46. f3 Ra6 47.
Kf4 Ra2 48. Be4 Ra1 49. Rc6 Ke7 50. Rc5 Kd6 51. Rc6+ Kd7 52. Rc5 Ra6 53. Ke5 Rb6
1/2-1/2

[Event "I Miedzynarodowy Memorial Ireny Warakomskiej - Open B"]
[Site "Suwalki"]
[Date "2017-08-14"]
[Round "5.40"]
[White "Kalejta, Arkadiusz "]
[Black "Ossolinski, Ziemowit "]
[Result "0-1"]
[WhiteTitle ""]
[BlackTitle ""]
[WhiteElo "1677"]
[BlackElo "1798"]

1. e4 c5 2. Nf3 e6 3. d4 cxd4 4. Nxd4 a6 5. Nc3 Qc7 6. Bd3 Bc5 7. Nb3 Be7 8. Qg4
Nf6 9. Qxg7 Rg8 10. Qh6 b5 11. Bf4 d6 12. Bg3 Bb7 13. f3 Nbd7 14. Qd2 Nh5 15.
O-O-O e5 16. Kb1 Nb6 17. Na5 Bc8 18. Nd5 Nxd5 19. exd5 Bg5 20. Qe1 f5 21. Nb3
Kf8 22. Bh4 Bh6 23. Rg1 Nf4 24. Bf1 Bb7 25. g3 Nxd5 26. f4 Rc8 27. Bh3 Qxc2+ 28.
Ka1 Re8 29. Rg2 Ne3 30. Rgd2 Qxd1+ 31. Rxd1 Nc2+ 32. Kb1 Nxe1 33. Rxe1 Be4+ 0-1